Statistics for HARDY Charting Songs (Billboard Hot Country)

Click here to take the quiz!

General Stats

  • This quiz has been taken 34 times
    (11 since last reset)
  • The average score is 7 of 14

Answer Stats

AlbumWeeks OnPeakArtist(s)Song% Correct
the mockingbird & THE CROW6 Weeks#16HARDY ft. Morgan Wallenred
100%
the mockingbird & THE CROW34 Weeks#5HARDY ft. Lainey Wilsonwait in the truck
100%
the mockingbird & THE CROW1 Week#47HARDYbeer
75%
A Rock49 Weeks#4HARDY ft. Lauren Alaina & Devin DawsonOne Beer
75%
the mockingbird & THE CROW1 Week#41HARDY ft. Jeremy McKinnonRADIO SONG
63%
A Rock1 Week#50HARDYTruck
63%
the mockingbird & THE CROW31 Weeks#13HARDYTRUCK BED
63%
This Ole Boy29 Weeks#23HARDYRednecker
50%
Non-Album Single39 Weeks#5Dierks Bentley, Breland & HARDYBeers On Me
38%
the mockingbird & THE CROW1 Week#45HARDY.30-06
25%
the mockingbird & THE CROW1 Week#48HARDYdrink one for me
25%
A Rock59 Weeks#16HARDYGive Heaven Some Hell
25%
One Thing at a Time3 Weeks#24Morgan Wallen ft. HARDYIn the Bible
25%
Non-Album Single1 Week#31Brantley Gilbert ft. Toby Keith & HARDYThe Worst Country Song of All Time
13%

Score Distribution

Percentile by Number Answered

Percent of People with Each Score

Your Score History

You have not taken this quiz since the last reset